| 000 | 00460nam a22001817a 4500 | ||
|---|---|---|---|
| 005 | 20180205123106.0 | ||
| 008 | 170329b xxu||||| |||| 00| 0 eng d | ||
| 020 | _a978-81-318-0600-5 | ||
| 041 | _aeng | ||
| 082 | _a511.131 | ||
| 100 |
_aSHARMA,ANAND _93689 |
||
| 245 | _aTHEORY OF AUTOMATA AND FORMAL LANGUAGES | ||
| 250 | _a2nd,2006 | ||
| 260 |
_bUNIVERSITY SCIENCE PRESS _c2009 _aBANGALORE |
||
| 300 | _a522 | ||
| 650 |
_aENGINEERING _94078 |
||
| 942 | _cBK | ||
| 999 |
_c5331 _d5329 |
||